Emergency Ophthalmology: (Record no. 1789)
[ view plain ]
| 000 -LEADER | |
|---|---|
| fixed length control field | 00629nam a22002177a 4500 |
| 003 - CONTROL NUMBER IDENTIFIER | |
| control field | OSt |
| 005 - DATE AND TIME OF LATEST TRANSACTION | |
| control field | 20150519182125.0 |
| 008 - FIXED-LENGTH DATA ELEMENTS--GENERAL INFORMATION | |
| fixed length control field | 150519b xxu||||| |||| 00| 0 eng d |
| 020 ## - INTERNATIONAL STANDARD BOOK NUMBER | |
| International Standard Book Number | 0727908618 |
| 040 ## - CATALOGING SOURCE | |
| Transcribing agency | DNLM |
| 082 ## - DEWEY DECIMAL CLASSIFICATION NUMBER | |
| Classification number | WW 100 E32h 1997 |
| 100 ## - MAIN ENTRY--PERSONAL NAME | |
| Personal name | Cheng Hung |
| 9 (RLIN) | 4698 |
| 245 ## - TITLE STATEMENT | |
| Title | Emergency Ophthalmology: |
| Remainder of title | Asymptom based guide to diagnosis and early management / |
| Statement of responsibility, etc. | Hung Cheng |
| 260 ## - PUBLICATION, DISTRIBUTION, ETC. (IMPRINT) | |
| Place of publication, distribution, etc. | London: |
| Name of publisher, distributor, etc. | BMJ Publishing Group; |
| Date of publication, distribution, etc. | 1997. |
| 300 ## - PHYSICAL DESCRIPTION | |
| Extent | ix, 334 P : |
| Other physical details | col.ill; |
| Dimensions | 25 cm. |
| 504 ## - BIBLIOGRAPHY, ETC. NOTE | |
| Bibliography, etc | Includes index |
| 650 ## - SUBJECT ADDED ENTRY--TOPICAL TERM | |
| Topical term or geographic name as entry element | Cheng Hung |
| 9 (RLIN) | 4699 |
| 700 ## - ADDED ENTRY--PERSONAL NAME | |
| Personal name | Burdon M A |
| 9 (RLIN) | 4700 |
| 700 ## - ADDED ENTRY--PERSONAL NAME | |
| Personal name | [et...al] |
| 9 (RLIN) | 867 |
| 942 ## - ADDED ENTRY ELEMENTS (KOHA) | |
| Source of classification or shelving scheme | Other/Generic Classification Scheme |
| Koha item type | Short Loan |
| Withdrawn status | Lost status | Source of classification or shelving scheme | Damaged status | Not for loan | Home library | Current library | Date acquired | Source of acquisition | Inventory number | Total Checkouts | Full call number | Barcode | Date last seen | Price effective from | Koha item type |
|---|---|---|---|---|---|---|---|---|---|---|---|---|---|---|---|
| Other/Generic Classification Scheme | MUST Main Library | MUST Main Library | 19/05/2015 | 2002/17604 | WW 100 E32h 1997 | 2015-1460 | 19/05/2015 | 19/05/2015 | Short Loan | ||||||
| Other/Generic Classification Scheme | MUST Main Library | MUST Main Library | 21/05/2015 | 2002/17605 | WW 100 E32h 1997 | 2015-1512 | 21/05/2015 | 21/05/2015 | Short Loan |
